Shakespeare at The Hunger Games Quiz Stats

 Plays Quiz Updated Feb 28, 2012

Names like Cato and Seneca, which are mentioned in Shakespeare but not characters, are left out. Also, there is a 'Messala' in Shakespeare and 'Messalla' in Hunger Games but because of the one-letter difference he was left out as well.
Score 0/30 Timer 06:00
1 Play Today
Character Name (S)hakespeare, (H)unger Games, or (B)oth % Correct
Beetee???
74.8%
Finnick???
71.6%
Troilus???
68%
Lepidus???
67.8%
Caesar???
65.4%
Cashmere???
64.5%
Marvel???
63.2%
Agrippa???
63%
Publius???
62.7%
Casca???
61.4%
Tullus???
61.2%
Tamora???
61%
Claudius???
59.7%
Volumnia???
58.6%
Cicero???
57.1%
Character Name (S)hakespeare, (H)unger Games, or (B)oth % Correct
Brutus???
56.7%
Johanna???
55.1%
Portia???
54.8%
Enobaria???
52.8%
Hazelle???
50.3%
Demetrius???
50.3%
Titus???
49.7%
Flavius???
47.2%
Plutarch???
45.1%
Cressida???
42.4%
Pollux???
38.1%
Lavinia???
37.3%
Coriolanus???
27.9%
Cinna???
26.6%
Romulus???
13.8%

You're not logged in!

Compare scores with friends on all Sporcle quizzes.
Join for Free
OR
Log In

You Might Also Like...

Show Comments

Extras

Top Quizzes Today


Score Distribution

Your Account Isn't Verified!

In order to create a playlist on Sporcle, you need to verify the email address you used during registration. Go to your Sporcle Settings to finish the process.

Report this User

Report this user for behavior that violates our Community Guidelines.

Details: